| 000 -LEADER |
| fixed length control field |
00293cam a22001097a 4500 |
| 008 - FIXED-LENGTH DATA ELEMENTS--GENERAL INFORMATION |
| fixed length control field |
180718b2008 xxu||||| |||| 00| 0 eng d |
| 082 ## - DEWEY DECIMAL CLASSIFICATION NUMBER |
| Classification number |
BA27x54 B489 |
| 100 ## - MAIN ENTRY--PERSONAL NAME |
| Personal name |
Ambedker, B.R. |
| 245 ## - TITLE STATEMENT |
| Title |
Suddron kee khouj |
| Statement of responsibility, etc. |
by B.R. Ambedker |
| 260 ## - PUBLICATION, DISTRIBUTION, ETC. |
| Place of publication, distribution, etc. |
Nagpur |
| Name of publisher, distributor, etc. |
Prograsive Publisher |
| Date of publication, distribution, etc. |
2008 |
| 300 ## - PHYSICAL DESCRIPTION |
| Extent |
86p. |